| 000 -LEADER |
| fixed length control field |
02589 a2200265 4500 |
| 020 ## - INTERNATIONAL STANDARD BOOK NUMBER |
| International Standard Book Number |
0226065677 |
| 020 ## - INTERNATIONAL STANDARD BOOK NUMBER |
| International Standard Book Number |
0226065685 |
| 040 ## - CATALOGING SOURCE |
| Original cataloging agency |
DLC |
| Language of cataloging |
DLC |
| 082 00 - DEWEY DECIMAL CLASSIFICATION NUMBER |
| Classification number |
001.4/2 |
| 082 00 - DEWEY DECIMAL CLASSIFICATION NUMBER |
| Classification number |
001.42 |
| 100 1# - MAIN ENTRY--PERSONAL NAME |
| Personal name |
Booth, Wayne C. |
| 245 14 - TITLE STATEMENT |
| Title |
The craft of research |
| Statement of responsibility, etc. |
Wayne C. Booth, Gregory G. Colomb, Joseph M. Williams. |
| 250 ## - EDITION STATEMENT |
| Edition statement |
2nd ed. |
| 260 ## - PUBLICATION, DISTRIBUTION, ETC. |
| Place of publication, distribution, etc. |
Chicago : |
| Name of publisher, distributor, etc. |
University of Chicago press, |
| Date of publication, distribution, etc. |
c2003. |
| 300 ## - PHYSICAL DESCRIPTION |
| Extent |
xv, 329 p. ; |
| Dimensions |
22 cm. |
| 440 #0 - SERIES STATEMENT/ADDED ENTRY--TITLE |
| Title |
Chicago guides to writing, editing, and publishing |
| 520 1# - SUMMARY, ETC. |
| Summary, etc. |
"Like its predecessor, this new edition reflects the way researchers actually work, in a complex circuit of thinking, writing, revising, and rethinking. It shows how each part of this process influences the others and how a successful research report is a carefully orchestrated conversation between researcher and reader. Among many topics, The Craft of Research explores how to build an argument that motivates readers to accept a claim; how to anticipate the reservations of thoughtful, yet critical readers and respond to them appropriately; and how to create introductions and conclusions that answer that most demanding question, "So what?"". |
| 520 1# - SUMMARY, ETC. |
| Summary, etc. |
"Celebrated by reviewers for its logic and clarity, this popular book retains its five-part structure. Part 1 provides an orientation to the research process and begins the discussion of what motivates researchers and their readers. Part 2 focuses on finding a topic, planning the project, and locating appropriate sources. This section is brought up to date with new information on the role of the Internet in research, including how to find and evaluate sources, avoid their misuse, and test their reliability.". |
| 520 1# - SUMMARY, ETC. |
| Summary, etc. |
"Part 3 explains the art of making an argument and supporting it. The authors have extensively revised this section to present the structure of an argument in clearer and more accessible terms then in the first edition. For example, new distinctions are made among reasons, evidence, and reports of evidence; and the concepts of qualifications and rebuttals, from the first edition, are here recast as acknowledgment and response. Part 4 covers drafting and revising, and offers new information on the visual representation of data. Part 5 concludes the book with an updated discussion of the ethics of research, as well as an expanded bibliography that includes many electronic sources."--BK JACKET. |
| 650 #0 - SUBJECT ADDED ENTRY--TOPICAL TERM |
| Topical term or geographic name entry element |
Research |
| General subdivision |
Methodology. |
| 650 #0 - SUBJECT ADDED ENTRY--TOPICAL TERM |
| Topical term or geographic name entry element |
Technical writing. |
| 700 1# - ADDED ENTRY--PERSONAL NAME |
| Personal name |
Williams, Joseph M. |
| 700 1# - ADDED ENTRY--PERSONAL NAME |
| Personal name |
Colomb, Gregory G. |
| 942 ## - ADDED ENTRY ELEMENTS (KOHA) |
| Koha item type |
Book |
| Call number prefix |
001.42 BOO |
| Source of classification or shelving scheme |
|